| 000 | 00649nam a2200205 i 4500 | ||
|---|---|---|---|
| 001 | 91750 | ||
| 003 | ES-MaACL | ||
| 005 | 20250811063141.0 | ||
| 007 | t| | ||
| 008 | 050211s1919 sp ||||1| spa d | ||
| 080 | _a821.134.2-32"19" | ||
| 100 | 1 |
_aDíez de Tejada, Vicente, _d1872-1940 _944715 |
|
| 245 | 1 | 3 |
_a¡El mundo es así de chiquitito! _b: novela inédita / _cpor Vicente Díez de Tejada. |
| 260 |
_aMadrid : _bLa Novela Corta, _c1919. |
||
| 300 |
_a[20] p. ; _c20 cm. |
||
| 490 | 1 |
_aLa novela corta ; _v187 |
|
| 830 | 0 |
_aLa novela corta ; _v187 _9182142 |
|
| 852 |
_aES-MaACL _j2185-F-20 _bR.135442 |
||
| 999 |
_c91750 _d91750 |
||